| 000 | 01218nam a22002897a 4500 | ||
|---|---|---|---|
| 003 | AR-RoUNCS | ||
| 005 | 20260226085318.0 | ||
| 007 | ta | ||
| 008 | 170127s2016 ag gr 000 f spa | ||
| 015 | _aAR-2016 | ||
| 020 | _a978-987-738-185-6 | ||
| 040 |
_aAR-BaBN _bspa _cAR-RoUNCS _eaacr |
||
| 041 | 1 |
_aspa _heng |
|
| 044 |
_aag _car-c |
||
| 080 | 1 |
_a82-3132.4(73) _22016 |
|
| 100 | 1 |
_aRyan, Jeanne _eautora _4aut |
|
| 245 | 1 | 0 |
_aNerve : _bun juego sin reglas / _cJeanne Ryan ; traducción de Julio Hermoso. |
| 250 | _a1a ed. | ||
| 260 |
_aBuenos Aires : _bAlfaguara, _c2016. |
||
| 300 |
_a343 p. ; _c22 cm. |
||
| 500 | _aEn tapa: «Para sobrevivir a este juego, lanzarte al vacío es tu única opción». | ||
| 520 | 3 |
_aVee normalmente se mantiene en segundo plano, pero no lo piensa dos veces cuando tiene la oportunidad de participar en un show de retos en línea. Sólo que no prevé cuán escalofriantes serán los desafíos, ni lo sádico que se puede volver un juego, o qué pueden llegar a ser los fans. _c(Descripción del editor). |
|
| 650 | 7 |
_2embne _aLiteratura norteamericana |
|
| 655 | 7 |
_aNovelas de suspense _2embne |
|
| 700 | 1 |
_aHermoso Oliveras, Julio, _d1969- _etraductor _4trl |
|
| 942 |
_2udc _cOG _n0 |
||
| 999 |
_c922 _d922 |
||